[Event "9 Player Open Standard Chess 1"]
[Site "SchemingMind.com"]
[Date "2013.12.15"]
[Round "-"]
[White "Uzi Mike"]
[Black "SAMAEL"]
[Result "1-0"]
[WhiteCountry "USA"]
[BlackCountry "CAN"]
[WhiteElo "2077"]
[WhiteRD "83"]
[BlackElo "1759"]
[BlackRD "59"]
[GameID "343777"]

1. d4 d5 2. Nf3 e6 3. c4 Nf6 4. Bg5 Be7 5. Nc3 h6 6. Bxf6 Bxf6 7. e3 Nc6 8. Bd3 dxc4 9. Bxc4 O-O 10. O-O Bd7
11. Rc1 a6 12. Ne4 Be7 13. a3 Na7 14. Re1 Bc6 15. Bd3 Rc8 16. Ne5 Bf6 17. Nxc6 Nxc6 18. Nc5 Rb8 19. Qf3 Qe8 20. Qe4 g6
21. b4 Be7 22. Nxa6 Rc8 23. Nc5 Bxc5 24. Rxc5 Nd8 25. Qf4 Kg7 26. Qe5+ f6 27. Qg3 Qf7 28. a4 g5 29. a5 Qe7 30. b5 e5
31. Qf3 Kh8 32. Qh3 Nf7 33. Rec1 e4 34. Bc4 Kg7 35. Be6
1-0

[Event "9 Player Open Standard Chess 1"]
[Site "SchemingMind.com"]
[Date "2013.12.15"]
[Round "-"]
[White "Uzi Mike"]
[Black "Ebanon "]
[Result "0-1"]
[WhiteCountry "USA"]
[BlackCountry "ESP"]
[WhiteElo "2247"]
[WhiteRD "83"]
[BlackElo "2398"]
[BlackRD "67"]
[GameID "343778"]

1. e4 c5 2. Nf3 d6 3. d4 cxd4 4. Qxd4 a6 5. Be2 Nc6 6. Qd3 Nf6 7. Nc3 g6 8. O-O Bg7 9. Bg5 O-O 10. Nd5 Nxd5
11. exd5 Ne5 12. Nxe5 Bxe5 13. c3 Bf5 14. Qd2 Re8 15. Rfe1 Qa5 16. a4 Bf6
0-1

[Event "9 Player Open Standard Chess 1"]
[Site "SchemingMind.com"]
[Date "2013.12.15"]
[Round "-"]
[White "alexyongpohweng"]
[Black "Uzi Mike"]
[Result "0-1"]
[WhiteCountry "MAS"]
[BlackCountry "USA"]
[WhiteElo "1329"]
[WhiteRD "44"]
[BlackElo "2369"]
[BlackRD "97"]
[GameID "343780"]

1. e4 c5 2. Bc4 e6 3. Nf3 d5 4. exd5 exd5 5. Bb5+ Nc6 6. h3 Bd6 7. O-O a6 8. Bxc6+ bxc6 9. Nc3 Ne7 10. b3 O-O
11. Bb2 Ng6 12. a3 Bxh3 13. gxh3 Qd7 14. Qe2 Qxh3 15. Rfe1 Nh4
0-1

[Event "9 Player Open Standard Chess 1"]
[Site "SchemingMind.com"]
[Date "2013.12.16"]
[Round "-"]
[White "Derek Price"]
[Black "Uzi Mike"]
[Result "1-0"]
[WhiteCountry "ENG"]
[BlackCountry "USA"]
[WhiteElo "2385"]
[WhiteRD "81"]
[BlackElo "2247"]
[BlackRD "83"]
[GameID "343781"]

1. d4 Nf6 2. c4 c5 3. Nf3 cxd4 4. Nxd4 e5 5. Nb5 d5 6. cxd5 Bb4+ 7. Bd2 Bc5 8. Qc2 Na6 9. b4 Bb6 10. N1c3 O-O
11. Qb3 e4 12. e3 Nc7 13. Nxc7 Bxc7 14. Bc4 a6 15. b5 Qd7 16. O-O Ng4 17. h4 Bh2+ 18. Kh1 Be5 19. Rac1 axb5 20. Bxb5 Qd8
21. g3
1-0

[Event "9 Player Open Standard Chess 1"]
[Site "SchemingMind.com"]
[Date "2013.12.18"]
[Round "-"]
[White "emvarela"]
[Black "Uzi Mike"]
[Result "0-1"]
[WhiteCountry "ARG"]
[BlackCountry "USA"]
[WhiteElo "1674"]
[WhiteRD "46"]
[BlackElo "2154"]
[BlackRD "82"]
[GameID "343782"]

1. e4 e5 2. Nf3 d6 3. d4 exd4 4. Nxd4 Nf6 5. Nc3 Be7 6. Bc4 O-O 7. Be3 c5 8. Nb3 Nc6 9. Qd2 a6 10. a4 Be6
11. Bxe6 fxe6 12. O-O Ng4 13. Na2 d5 14. exd5 Qd6 15. dxc6 Qxh2#
0-1

[Event "9 Player Open Standard Chess 1"]
[Site "SchemingMind.com"]
[Date "2013.12.16"]
[Round "-"]
[White "SAMAEL"]
[Black "Uzi Mike"]
[Result "0-1"]
[WhiteCountry "CAN"]
[BlackCountry "USA"]
[WhiteElo "1759"]
[WhiteRD "59"]
[BlackElo "2077"]
[BlackRD "83"]
[GameID "343783"]

1. e4 d5 2. exd5 Nf6 3. Nf3 Nxd5 4. Be2 Nc6 5. Nc3 e5 6. d3 Be7 7. Bd2 O-O 8. O-O Bf5 9. Re1 Re8 10. h3 Nxc3
11. Bxc3 Bc5 12. Bd2 a5 13. a3 h6 14. Be3 Bxe3 15. fxe3 e4 16. dxe4 Bxe4 17. c3 Qe7 18. Nd4 Ne5 19. b4 axb4 20. axb4 Rxa1
21. Qxa1 Qg5 22. Bf1 b6 23. b5 Nd3 24. Rd1 Qxe3+ 25. Kh2 Qf4+ 26. Kg1 Nf2 27. Ne2 Nxh3+
0-1

[Event "9 Player Open Standard Chess 1"]
[Site "SchemingMind.com"]
[Date "2013.12.15"]
[Round "-"]
[White "Ebanon "]
[Black "Uzi Mike"]
[Result "1-0"]
[WhiteCountry "ESP"]
[BlackCountry "USA"]
[WhiteElo "2354"]
[WhiteRD "65"]
[BlackElo "2154"]
[BlackRD "82"]
[GameID "343784"]

1. e4 e5 2. Nf3 Nc6 3. Bb5 a6 4. Ba4 Nf6 5. O-O Be7 6. Re1 b5 7. Bb3 d6 8. c3 O-O 9. h3 Bb7 10. d4 Na5
11. Bc2 c5 12. d5 Ne8 13. Nbd2 f5 14. exf5 Bxd5 15. Ne4 Nc7 16. Nfg5 Bxe4 17. Bxe4 Bxg5 18. Bxa8 Nxa8 19. Bxg5 Qxg5 20. Qxd6 Qxf5
21. Qxc5 Rc8 22. Qxe5 Qxe5 23. Rxe5 Nc6 24. Re2 Nb6 25. Rd1 Rc7 26. g3 g6 27. Kg2 Kf7 28. h4 h5 29. f3 Nc4 30. Kf2 N4e5
31. Rd5 Nd7 32. Rd6
1-0

[Event "9 Player Open Standard Chess 1"]
[Site "SchemingMind.com"]
[Date "2013.12.15"]
[Round "-"]
[White "Chessibelle"]
[Black "Uzi Mike"]
[Result "0-1"]
[WhiteCountry "ENG"]
[BlackCountry "USA"]
[WhiteElo "1126"]
[WhiteRD "59"]
[BlackElo "2369"]
[BlackRD "97"]
[GameID "343785"]

1. Nf3 d5 2. d4 Bf5 3. e3 e6 4. Nc3 Nf6 5. Bb5+ c6 6. Be2 Bd6 7. g3 Nbd7 8. a3 O-O 9. O-O Bh3 10. Re1 e5
11. Ng5 Bf5 12. b4 b5 13. f3 exd4 14. exd4 a5 15. Bb2 axb4 16. Nb1 h6 17. g4 Nxg4 18. Bc1 Nxh2 19. f4 hxg5 20. fxg5 Re8
21. c3 Qe7 22. Kf2 Qe4 23. Nd2 Qe3+ 24. Kg2 Qg3+ 25. Kh1 Ng4 26. Nf1 Nf2#
0-1

[Event "9 Player Open Standard Chess 1"]
[Site "SchemingMind.com"]
[Date "2013.12.15"]
[Round "-"]
[White "Hiruko"]
[Black "alexyongpohweng"]
[Result "0-1"]
[WhiteCountry "GER"]
[BlackCountry "MAS"]
[WhiteElo "1464"]
[WhiteRD "79"]
[BlackElo "1329"]
[BlackRD "44"]
[GameID "343787"]

1. e4 e5 2. Nf3 d6 3. Bb5+ c6 4. Bc4 b5 5. Bb3 a5 6. a4 b4 7. Ng5 Qxg5 8. d4 Qxg2 9. Ke2 Bg4+ 10. Kd2 Bxd1
11. Rxd1 Qxf2+ 12. Kd3 Qxd4+
0-1

[Event "9 Player Open Standard Chess 1"]
[Site "SchemingMind.com"]
[Date "2013.12.15"]
[Round "-"]
[White "Hiruko"]
[Black "Derek Price"]
[Result "0-1"]
[WhiteCountry "GER"]
[BlackCountry "ENG"]
[WhiteElo "1452"]
[WhiteRD "79"]
[BlackElo "2385"]
[BlackRD "81"]
[GameID "343788"]

1. Nf3 Nf6 2. e4 Nxe4 3. Bd3 Nf6 4. O-O e6 5. c4 Be7 6. Nc3 O-O 7. b3 d6 8. Ng5 Nc6 9. Bb2 h6 10. Nf3 Bd7
11. h3 Nb4 12. Qe2 Nxd3 13. Qxd3 e5 14. Ne4 Bc6 15. Rfe1 Nxe4 16. Rxe4 Bxe4 17. Qxe4 c6 18. d4 f5 19. Qe3 e4
0-1

[Event "9 Player Open Standard Chess 1"]
[Site "SchemingMind.com"]
[Date "2013.12.17"]
[Round "-"]
[White "Hiruko"]
[Black "emvarela"]
[Result "0-1"]
[WhiteCountry "GER"]
[BlackCountry "ARG"]
[WhiteElo "1477"]
[WhiteRD "84"]
[BlackElo "1674"]
[BlackRD "46"]
[GameID "343789"]

1. d4 Nf6 2. c4 e6 3. Nc3 Bb4 4. Bd2 O-O 5. Qa4 Bxc3 6. Bxc3 d5 7. O-O-O Bd7 8. Qa3 dxc4 9. e3 Nd5 10. Bxc4 Nxc3
11. bxc3 a6 12. Nf3 Nc6 13. d5 Qe7 14. Qxe7 Nxe7 15. Ne5 Ba4
0-1

[Event "9 Player Open Standard Chess 1"]
[Site "SchemingMind.com"]
[Date "2013.12.15"]
[Round "-"]
[White "Hiruko"]
[Black "SAMAEL"]
[Result "0-1"]
[WhiteCountry "GER"]
[BlackCountry "CAN"]
[WhiteElo "1452"]
[WhiteRD "79"]
[BlackElo "1737"]
[BlackRD "65"]
[GameID "343791"]

1. g3 d5 2. Bg2 Nf6 3. d4 e6 4. Nc3 Nc6 5. Bf4 a6 6. Nf3 Be7 7. O-O O-O 8. Bh3 Bd7 9. Qd3 Na7 10. e4 dxe4
11. Nxe4 Rc8
0-1

[Event "9 Player Open Standard Chess 1"]
[Site "SchemingMind.com"]
[Date "2013.12.15"]
[Round "-"]
[White "Hiruko"]
[Black "Ebanon "]
[Result "0-1"]
[WhiteCountry "GER"]
[BlackCountry "ESP"]
[WhiteElo "1452"]
[WhiteRD "79"]
[BlackElo "2398"]
[BlackRD "67"]
[GameID "343792"]

1. Nf3 Nf6 2. d4 g6 3. Nc3 d5 4. Bf4 Bg7 5. Be5 O-O 6. Qd2 Nc6 7. O-O-O Bf5 8. a3 Nxe5 9. dxe5 Ne4 10. Qe3 c6
11. Nxe4 Bxe4 12. Qf4 Qc7 13. e3 Bxf3 14. Qxf3 Qxe5 15. Be2 Qxb2+
0-1

[Event "9 Player Open Standard Chess 1"]
[Site "SchemingMind.com"]
[Date "2013.12.14"]
[Round "-"]
[White "Hiruko"]
[Black "Chessibelle"]
[Result "1-0"]
[WhiteCountry "GER"]
[BlackCountry "ENG"]
[WhiteElo "1464"]
[WhiteRD "79"]
[BlackElo "1126"]
[BlackRD "59"]
[GameID "343793"]

1. e4 e5 2. b3 d6 3. Bb2 Nf6 4. d3 Nc6 5. Nf3 h6 6. Nc3 Bg4 7. Be2 Be7 8. O-O Nh5 9. Nd5 Bf8 10. h3 Be6
11. Nxe5 Nxe5 12. Bxe5 dxe5 13. Bxh5 g6 14. Bf3 Bd6 15. Qd2 Qd7 16. Nf6+
1-0

[Event "9 Player Open Standard Chess 1"]
[Site "SchemingMind.com"]
[Date "2013.12.19"]
[Round "-"]
[White "Derek Price"]
[Black "Hiruko"]
[Result "1-0"]
[WhiteCountry "ENG"]
[BlackCountry "GER"]
[WhiteElo "2385"]
[WhiteRD "81"]
[BlackElo "1452"]
[BlackRD "79"]
[GameID "343795"]

1. d4 d5 2. c4 c6 3. Nf3 f6 4. Nc3 e5 5. cxd5 cxd5 6. dxe5 d4 7. exf6 Qxf6 8. Nxd4 Bc5 9. e3 Nc6 10. Nxc6 bxc6
11. Qh5+ Qf7 12. Qxc5 Bb7 13. Ne4 Rd8 14. Nd6+ Rxd6 15. Qxd6 Bc8 16. Qxc6+
1-0

[Event "9 Player Open Standard Chess 1"]
[Site "SchemingMind.com"]
[Date "2013.12.19"]
[Round "-"]
[White "Ebanon "]
[Black "Hiruko"]
[Result "1-0"]
[WhiteCountry "ESP"]
[BlackCountry "GER"]
[WhiteElo "2398"]
[WhiteRD "67"]
[BlackElo "1452"]
[BlackRD "79"]
[GameID "343799"]

1. e4 e6 2. d4 d5 3. Nc3 c6 4. Nf3 Bb4 5. Bd3 dxe4 6. Bxe4 f5 7. Bd3 Qa5 8. Bd2 Ne7 9. a3 Bd6 10. Ne4 Qd5
11. Nf6+ gxf6 12. c4
1-0

[Event "9 Player Open Standard Chess 1"]
[Site "SchemingMind.com"]
[Date "2013.12.19"]
[Round "-"]
[White "Chessibelle"]
[Black "Hiruko"]
[Result "0-1"]
[WhiteCountry "ENG"]
[BlackCountry "GER"]
[WhiteElo "1126"]
[WhiteRD "59"]
[BlackElo "1464"]
[BlackRD "79"]
[GameID "343800"]

1. Nf3 Nf6 2. d4 Nc6 3. Nc3 d5 4. Bf4 e6 5. Nb5 a6 6. Nxc7+ Ke7 7. Nxa8 Bd7 8. Nc7 Nh5 9. Bg5+ f6 10. Nxd5+ exd5
11. Bd2 Ke8 12. e3 Qe7 13. c3 Nf4 14. Qb3 Bf5 15. Nh4 Bd3 16. g3 Ne2 17. Bxe2 Bxe2 18. Kxe2 g5 19. Nf5 Qe4 20. Qxb7 Qxf5
21. Qxc6+ Kf7 22. c4 dxc4 23. Kd1 Qd3 24. g4 Bb4 25. Qb7+ Be7 26. Ke1 Re8 27. Qg2 Rb8 28. Bc3 Bb4 29. Rc1 Bxc3+ 30. Rxc3 Qb1+
31. Kd2 Rxb2+
0-1

[Event "9 Player Open Standard Chess 1"]
[Site "SchemingMind.com"]
[Date "2013.12.19"]
[Round "-"]
[White "The Stonewall"]
[Black "alexyongpohweng"]
[Result "1-0"]
[WhiteCountry "ENG"]
[BlackCountry "MAS"]
[WhiteElo "2338"]
[WhiteRD "101"]
[BlackElo "1329"]
[BlackRD "44"]
[GameID "343817"]

1. d4 d5 2. Bg5 Qd6 3. Nc3 e6 4. Qd2 Be7 5. Nf3 Bxg5 6. Qxg5 Qf8 7. O-O-O Nf6 8. e3 Rg8 9. Bd3 c6 10. Rhe1 h6
11. Qg3 Na6 12. Bxa6 bxa6 13. Qc7 Bd7 14. Qb7 Ke7 15. Ne5 Qd8 16. Nxc6+
1-0

[Event "9 Player Open Standard Chess 1"]
[Site "SchemingMind.com"]
[Date "2013.12.20"]
[Round "-"]
[White "The Stonewall"]
[Black "Derek Price"]
[Result "1/2-1/2"]
[WhiteCountry "ENG"]
[BlackCountry "ENG"]
[WhiteElo "2338"]
[WhiteRD "101"]
[BlackElo "2351"]
[BlackRD "78"]
[GameID "343818"]

1. d4 d5 2. Bg5 c6 3. Nf3 h6 4. Bh4 Qb6 5. Qc1 Bf5 6. e3 e6 7. c4 Nd7 8. Nc3 Ngf6 9. Be2 Be7 10. O-O O-O
11. h3 Qd8 12. Rd1 Re8 13. Bg3 a5 14. b3 Ne4 15. Nxe4 Bxe4 16. Qb2 a4 17. Nd2 Bf5 18. b4 Bh4 19. Bxh4 Qxh4 20. Rac1 Qe7
21. cxd5 exd5 22. Nf1 Nf6 23. Ng3 Bg6 24. b5 Rec8 25. bxc6 bxc6 26. Bd3 Bxd3 27. Rxd3 Rcb8 28. Qc2 Rb6= 29. Rc3 Raa6 30. Qd3 g6
31. Qc2=
1/2-1/2

[Event "9 Player Open Standard Chess 1"]
[Site "SchemingMind.com"]
[Date "2013.12.20"]
[Round "-"]
[White "The Stonewall"]
[Black "emvarela"]
[Result "1-0"]
[WhiteCountry "ENG"]
[BlackCountry "ARG"]
[WhiteElo "2439"]
[WhiteRD "89"]
[BlackElo "1683"]
[BlackRD "48"]
[GameID "343819"]

1. d4 d5 2. Nc3 Nf6 3. Bg5 h6 4. Bxf6 gxf6 5. e3 e5 6. dxe5 Bb4 7. Nf3 Bxc3+ 8. bxc3 Bg4 9. Rb1 fxe5 10. Rxb7 e4
11. Bb5+ c6 12. Qd4 exf3 13. Qxh8#
1-0

[Event "9 Player Open Standard Chess 1"]
[Site "SchemingMind.com"]
[Date "2013.12.20"]
[Round "-"]
[White "The Stonewall"]
[Black "Uzi Mike"]
[Result "1-0"]
[WhiteCountry "ENG"]
[BlackCountry "USA"]
[WhiteElo "2439"]
[WhiteRD "89"]
[BlackElo "2247"]
[BlackRD "83"]
[GameID "343820"]

1. d4 d5 2. Bg5 f6 3. Bh4 Nh6 4. e3 Nf5 5. Bg3 h5 6. Be2 h4 7. Bh5+ Kd7 8. Bf4 g5 9. e4 dxe4 10. Bg4 Ke6
11. Be3 Kf7 12. Nc3 Nxe3 13. fxe3 f5 14. Be2 e5 15. dxe5 Qxd1+ 16. Rxd1 Bb4 17. Nh3 Kg6 18. g3 Nc6 19. Rg1
1-0

[Event "9 Player Open Standard Chess 1"]
[Site "SchemingMind.com"]
[Date "2013.12.20"]
[Round "-"]
[White "The Stonewall"]
[Black "Hiruko"]
[Result "1-0"]
[WhiteCountry "ENG"]
[BlackCountry "GER"]
[WhiteElo "2439"]
[WhiteRD "89"]
[BlackElo "1452"]
[BlackRD "79"]
[GameID "343821"]

1. d4 d6 2. e4 c5 3. Nf3 Nf6 4. Nc3 g6 5. dxc5 Bg7 6. cxd6 Qxd6 7. Qxd6 exd6 8. Bf4 d5 9. exd5 O-O 10. O-O-O Re8
11. Bb5 Bd7 12. Rhe1 Bxb5 13. Nxb5 Rd8 14. Nc7 Nbd7 15. Nxa8 Rxa8 16. Ne5 Rd8 17. Nxd7 Rxd7 18. c4 Rc7 19. Bxc7
1-0

[Event "9 Player Open Standard Chess 1"]
[Site "SchemingMind.com"]
[Date "2013.12.19"]
[Round "-"]
[White "The Stonewall"]
[Black "SAMAEL"]
[Result "1-0"]
[WhiteCountry "ENG"]
[BlackCountry "CAN"]
[WhiteElo "2439"]
[WhiteRD "89"]
[BlackElo "1737"]
[BlackRD "65"]
[GameID "343822"]

1. d4 d5 2. Nc3 Nc6 3. e4 e6 4. Nf3 h6 5. Bd3 Nf6 6. O-O Be7 7. e5 Nd7 8. a3 a6 9. Qd2 b6 10. Qf4 Nf8
11. Qg4 g6 12. Bd2 Bb7 13. Rfe1 Qd7 14. Na2 O-O-O 15. Nb4 Nb8 16. Qf4 Qe8 17. c3 a5 18. Nc2 Nfd7 19. a4 c5 20. b3 g5
21. Qg3 Nc6 22. Na3 Na7 23. Nb5 Nxb5 24. Bxb5 Qf8 25. b4 cxb4 26. cxb4 Bxb4 27. Bxb4 Qxb4 28. Reb1 Qe7 29. Bxd7+ Rxd7 30. Rxb6 Kc7
31. Rab1 Kd8 32. Nd2 Rc7 33. Nb3 Qd7 34. Nc5
1-0

[Event "9 Player Open Standard Chess 1"]
[Site "SchemingMind.com"]
[Date "2013.12.19"]
[Round "-"]
[White "The Stonewall"]
[Black "Ebanon "]
[Result "1-0"]
[WhiteCountry "ENG"]
[BlackCountry "ESP"]
[WhiteElo "2439"]
[WhiteRD "89"]
[BlackElo "2398"]
[BlackRD "67"]
[GameID "343823"]

1. d4 Nf6 2. Bg5 Ne4 3. Bf4 c5 4. f3 Qa5+ 5. c3 Nf6 6. d5 Qb6 7. e4 Qxb2 8. Nd2 Qxc3 9. Bc7 g6 10. Rc1 Qe3+
11. Ne2 d6 12. Rb1 Nbd7 13. Nc4 Qh6 14. Ba5 g5 15. Ng3 g4 16. Be2 gxf3 17. Bxf3 b5 18. Nf5 Qg5 19. Rxb5 Ba6 20. h4 Qxf5
21. exf5 Bxb5 22. Qe2 Bxc4 23. Qxc4 Bg7 24. Bc3 O-O 25. O-O Rfb8 26. Re1 Kf8 27. g4 Ng8 28. Bxg7+ Kxg7 29. g5 Kf8 30. f6 exf6
31. Qf4 Ne5 32. gxf6 Rb4 33. Qf5 Re8 34. Re3 h6 35. Rxe5 dxe5 36. Qc2
1-0

[Event "9 Player Open Standard Chess 1"]
[Site "SchemingMind.com"]
[Date "2013.12.19"]
[Round "-"]
[White "The Stonewall"]
[Black "Chessibelle"]
[Result "1-0"]
[WhiteCountry "ENG"]
[BlackCountry "ENG"]
[WhiteElo "2335"]
[WhiteRD "104"]
[BlackElo "1140"]
[BlackRD "55"]
[GameID "343824"]

1. Nc3 e5 2. Nf3 d6 3. d4 Nc6 4. d5 Nce7 5. e4 Ng6 6. Be3 b6 7. Bb5+ Bd7 8. a4 a6 9. Bd3 Nf6 10. Qe2 Qc8
11. h3 Nf4 12. Bxf4 exf4 13. e5 Be7 14. exf6 gxf6 15. O-O c6 16. Rfe1 Qc7 17. Qxe7#
1-0

[Event "9 Player Open Standard Chess 1"]
[Site "SchemingMind.com"]
[Date "2013.12.17"]
[Round "-"]
[White "alexyongpohweng"]
[Black "The Stonewall"]
[Result "0-1"]
[WhiteCountry "MAS"]
[BlackCountry "ENG"]
[WhiteElo "1329"]
[WhiteRD "44"]
[BlackElo "2338"]
[BlackRD "101"]
[GameID "343825"]

1. e4 Nc6 2. d4 e5 3. dxe5 Nxe5 4. Nf3 Nxf3+ 5. Qxf3 Nf6 6. Nc3 Bb4 7. Bd2 O-O 8. O-O-O Re8 9. Bd3 d6 10. a3 Bg4
11. Qe3 Bxc3 12. Bxc3 Bxd1 13. Rxd1 Nd5 14. Qd2 Nxc3 15. Qxc3 Qg5+ 16. Kb1 Rac8 17. Rg1 c6 18. Qb3 b5 19. Qc3 a6 20. Qe1 f5
21. f3 fxe4 22. fxe4 d5 23. e5 Rxe5 24. Qc1 Qe7 25. b3 c5 26. c4 bxc4 27. bxc4 d4 28. g3 Rb8+ 29. Kc2 Rb6 30. Kd2 Rb3
31. Qa1 Qg5+ 32. Kc2 Rc3+ 33. Kb2 Rxd3 34. Rc1 Re2+ 35. Kb1 Rb3+
0-1

[Event "9 Player Open Standard Chess 1"]
[Site "SchemingMind.com"]
[Date "2013.12.19"]
[Round "-"]
[White "Derek Price"]
[Black "The Stonewall"]
[Result "1/2-1/2"]
[WhiteCountry "ENG"]
[BlackCountry "ENG"]
[WhiteElo "2351"]
[WhiteRD "78"]
[BlackElo "2338"]
[BlackRD "101"]
[GameID "343826"]

1. d4 d5 2. c4 dxc4 3. Nf3 Nf6 4. e3 e6 5. Bxc4 c5 6. O-O a6 7. Bb3 b5 8. a4 b4 9. e4 cxd4 10. Nbd2 Bb7
11. e5 Nfd7 12. Nc4 Nc5 13. Bg5 Qc7 14. Nxd4 Nxb3 15. Qxb3 Nc6 16. Nxc6 Qxc6 17. f3 Qc7 18. Rac1 Bd5 19. Qd3 Bc5+ 20. Kh1 O-O
21. Nd6 Qa7 22. Rfd1 f6 23. Bf4 Rfd8 24. Ne4 Bxe4 25. Qxe4 f5 26. Qc6 Qb6 27. Qxb6 Bxb6 28. Rd6 Rxd6 29. exd6 Kf7 30. Be5 g6
31. Rc6 Bd8 32. Kg1 Ke8 33. Kf1 Kd7 34. Rc4 a5 35. Ke2=
1/2-1/2

[Event "9 Player Open Standard Chess 1"]
[Site "SchemingMind.com"]
[Date "2013.12.19"]
[Round "-"]
[White "emvarela"]
[Black "The Stonewall"]
[Result "0-1"]
[WhiteCountry "ARG"]
[BlackCountry "ENG"]
[WhiteElo "1683"]
[WhiteRD "48"]
[BlackElo "2439"]
[BlackRD "89"]
[GameID "343827"]

1. e4 Nc6 2. d4 e5 3. dxe5 Nxe5 4. Nc3 Bc5 5. Nf3 Ng4 6. Nd4 Qh4 7. g3 Qf6 8. Be3 Nxe3 9. fxe3 Ne7 10. Qd2 O-O
11. Nd5 Nxd5 12. O-O-O Nb6 13. Bh3 Qe5 14. Rhf1 Qxe4 15. Rf4 Qe7 16. Nf5 Qe5 17. e4 Nc4 18. Qc3 Qxc3 19. bxc3 Ne3 20. Rd3 Nxf5
21. Bxf5 d6 22. g4 Be6 23. Bxe6 fxe6 24. Rxf8+ Rxf8
0-1

[Event "9 Player Open Standard Chess 1"]
[Site "SchemingMind.com"]
[Date "2013.12.19"]
[Round "-"]
[White "Uzi Mike"]
[Black "The Stonewall"]
[Result "0-1"]
[WhiteCountry "USA"]
[BlackCountry "ENG"]
[WhiteElo "2247"]
[WhiteRD "83"]
[BlackElo "2439"]
[BlackRD "89"]
[GameID "343828"]

1. c4 g6 2. Nf3 Bg7 3. e4 c5 4. d4 cxd4 5. Nxd4 Qb6 6. Nb5 a6 7. N5c3 d6 8. Nd5 Qc6 9. Be2 e6 10. Ndc3 Nf6
11. f3 O-O 12. Be3 Nbd7 13. Na3 b6 14. Qd2 Rd8 15. O-O-O Nc5 16. Kb1 Bb7 17. Nc2 Qe8 18. Bh6 Bxh6
0-1

[Event "9 Player Open Standard Chess 1"]
[Site "SchemingMind.com"]
[Date "2013.12.20"]
[Round "-"]
[White "Hiruko"]
[Black "The Stonewall"]
[Result "0-1"]
[WhiteCountry "GER"]
[BlackCountry "ENG"]
[WhiteElo "1452"]
[WhiteRD "79"]
[BlackElo "2439"]
[BlackRD "89"]
[GameID "343829"]

1. d4 Nc6 2. d5 Ne5 3. f4 Ng6 4. e3 e5 5. Ne2 Bc5 6. c4 Nf6 7. g3 O-O 8. Bg2 d6 9. O-O Ng4 10. b3 Bxe3+
11. Bxe3 Nxe3 12. Qd2 Nxf1 13. Bxf1 exf4 14. gxf4 Qh4 15. Nbc3 Re8 16. Re1 Nxf4 17. Nxf4 Qxe1 18. Qxe1 Rxe1
0-1

[Event "9 Player Open Standard Chess 1"]
[Site "SchemingMind.com"]
[Date "2013.12.17"]
[Round "-"]
[White "SAMAEL"]
[Black "The Stonewall"]
[Result "0-1"]
[WhiteCountry "CAN"]
[BlackCountry "ENG"]
[WhiteElo "1721"]
[WhiteRD "68"]
[BlackElo "2338"]
[BlackRD "101"]
[GameID "343830"]

1. c4 Nc6 2. Nf3 e5 3. e4 Bc5 4. Nc3 d6 5. a3 Nf6 6. h3 O-O 7. Be2 Be6 8. d3 Nd4 9. Nxd4 Bxd4 10. Qc2 h6
11. O-O c6 12. Kh1 Nd7 13. Bd2 a5 14. a4 Qh4 15. Kh2 Bxf2 16. Nd1 Bg3+ 17. Kg1 Bxh3
0-1

[Event "9 Player Open Standard Chess 1"]
[Site "SchemingMind.com"]
[Date "2013.12.19"]
[Round "-"]
[White "Ebanon "]
[Black "The Stonewall"]
[Result "1/2-1/2"]
[WhiteCountry "ESP"]
[BlackCountry "ENG"]
[WhiteElo "2354"]
[WhiteRD "65"]
[BlackElo "2421"]
[BlackRD "86"]
[GameID "343831"]

1. e4 c6 2. d4 d5 3. Nd2 dxe4 4. Nxe4 Bf5 5. Ng3 Bg6 6. h4 h6 7. Nf3 Nd7 8. h5 Bh7 9. Bd3 Bxd3 10. Qxd3 e6
11. Bf4 Ngf6 12. O-O-O Be7 13. Kb1 O-O 14. Ne4 Nxe4 15. Qxe4 Nf6 16. Qe2 Qd5 17. Ne5 Qe4 18. Qxe4 Nxe4 19. Nd3 Rfd8 20. c3 Nf6
21. Be5 Ng4 22. Rhe1 Nxe5 23. dxe5 Rd7 24. Kc2 Rad8 25. Nc1 Kf8 26. Rxd7 Rxd7 27. Nb3 Ke8 28. f4 Kd8 29. Re3 Rd5 30. Rg3 Bf8
31. a3 Kc7 32. Nd2 b6 33. Rd3 Be7 34. g4 Kd7 35. Ne4 Ke8 36. c4 Rxd3 37. Kxd3 f6 38. exf6 Bxf6 39. Nxf6+ gxf6 40. b4 Ke7
41. Ke4 Kf7 42. Kd4 Ke7 43. a4=
1/2-1/2

[Event "9 Player Open Standard Chess 1"]
[Site "SchemingMind.com"]
[Date "2013.12.17"]
[Round "-"]
[White "Chessibelle"]
[Black "The Stonewall"]
[Result "0-1"]
[WhiteCountry "ENG"]
[BlackCountry "ENG"]
[WhiteElo "1140"]
[WhiteRD "55"]
[BlackElo "2335"]
[BlackRD "104"]
[GameID "343832"]

1. Nf3 Nc6 2. d4 d6 3. e3 g6 4. Nc3 Bg7 5. Bc4 Nf6 6. Ng5 d5 7. Bd3 e5 8. O-O e4 9. Bb5 O-O 10. Nh3 Bxh3
11. Re1 Bd7 12. g3 Qe7 13. a3 a6 14. Be2 Bh3 15. f3 Rad8 16. g4 exf3 17. Bxf3 Rfe8 18. Ne2 Bxg4 19. Ng3 Bxf3 20. Qxf3 Nxd4
21. Qd1 Nb5 22. a4 Nd6 23. b3 Nfe4 24. Qg4 Bxa1 25. Rf1 Nf6 26. Qf3 Nde4 27. Qd1 Bc3 28. Qe2 Nxg3 29. hxg3 Ne4 30. Qg2 Qd6
31. Rf4 Be5 32. Rf3 Ng5 33. Rf1 Bxg3 34. Qe2 Re4 35. Qd2 Rg4 36. Qe2 h5 37. Bb2 Be5+ 38. Kf2 Bxb2 39. Qd2 Ne4+
0-1